00362nam a2200097Ia 4500008004100000041000800041100002900049245011400078260005300192999001900245241105s9999 xx 000 0 und d aeng aDeshmukha Arpita9206339 aAssessing The Indoor Environmental Quality Of Shopping Centres In A Hot Dry Climate: A Case Of Amravati,India bBNCA M Arch Environment ArchitectureaPunec2018 c362113d362113